[Event "Zaragoza Casablanca op 5th"]
[Site "Zaragoza"]
[Date "2011.12.23"]
[Round "1"]
[White "Gonzalez Perez, Arian"]
[Black "Colas Perez, Patricia"]
[Result "1-0"]
[WhiteElo "2474"]
[BlackElo "1765"]
[PlyCount "71"]
[EventDate "2011.12.23"]
[EventType "swiss"]
[EventRounds "9"]
[EventCountry "ESP"]
[SourceTitle "CBM 146 Extra"]
[Source "ChessBase"]
[SourceDate "2012.02.29"]
[SourceVersion "1"]
[SourceVersionDate "2012.02.29"]
[SourceQuality "1"]

1. d4 d5 2. c4 e6 3. Nf3 Nf6 4. g3 Be7 5. Bg2 0-0 6. 0-0 Nbd7 7. Nc3 c5 8. cxd5 exd5 9. dxc5 Nxc5 10. Bg5 Nce4 11. Nxe4 dxe4 12. Nd2 h6 13. Bxf6 Bxf6 14. Nxe4 Bxb2 15. Rb1 Ba3 16. Qa4 Be7 17. Nc3 Bd7 18. Qd1 Bc6 19. Bxc6 bxc6 20. Rb7 Bc5 21. Qc2 Qc8 22. Rb3 Bb6 23. Rc1 Qa6 24. Ne4 Rac8 25. Nd6 Rc7 26. Rb4 Qa5 27. Rg4 Qe5 28. Nf5 Kh8 29. Rxg7 Rd8 30. Rg4 Re8 31. e3 Re6 32. Rd1 Rb7 33. Rh4 Qc5 34. Qb2+ Qe5 35. Qb1 Rf6 36. Nxh6 1-0

[Event "Aragon-chT Honor Titulo"]
[Site "Spain"]
[Date "2011.04.02"]
[Round "9.4"]
[White "Colas Perez, Patricia"]
[Black "Maza Broto, Pablo"]
[Result "0-1"]
[WhiteElo "1815"]
[BlackElo "2075"]
[PlyCount "102"]
[EventDate "2011.03.26"]
[EventType "team-tourn"]
[EventRounds "11"]
[EventCountry "ESP"]
[SourceTitle "EXT 2013"]
[Source "ChessBase"]
[SourceDate "2012.11.22"]
[SourceVersion "1"]
[SourceVersionDate "2012.11.22"]
[SourceQuality "1"]
[WhiteTeam "IberCaja II"]
[BlackTeam "Jaime Casas"]
[WhiteTeamCountry "ESP"]
[BlackTeamCountry "ESP"]

1. c4 c6 2. Nc3 d5 3. cxd5 cxd5 4. d4 Nf6 5. Nf3 e6 6. a3 Bd6 7. Bg5 Nbd7 8. e3 a6 9. Bd3 b5 10. 0-0 Bb7 11. Rc1 h6 12. Bh4 g5 13. Bg3 Bxg3 14. fxg3 Ne4 15. Nd2 Nxd2 16. Qxd2 0-0 17. e4 dxe4 18. Nxe4 f5 19. Nf2 Nf6 20. Qe3 Qd5 21. Qf3 Qxf3 22. gxf3 Bxf3 23. Rfe1 Bd5 24. Rc5 Ra7 25. Rec1 Rd8 26. Be2 Rad7 27. Nd3 Bc4 28. Ne5 Bxe2 29. Nxd7 Rxd7 30. Rc8+ Kf7 31. R1c6 Bf3 32. R6c7 Ke7 33. Rxd7+ Nxd7 34. Kf2 Be4 35. Rh8 Nf6 36. h3 h5 37. Rc8 f4 38. gxf4 gxf4 39. Rc7+ Kd6 40. Ra7 Kd5 41. Rxa6 Bf5 42. Kf3 Bxh3 43. Kxf4 Kxd4 44. Rd6+ Nd5+ 45. Kg3 Bf5 46. Rd8 e5 47. Kf2 h4 48. Rh8 h3 49. Ke2 e4 50. Rh4 Ke5 51. Rh5 Nf4+ 0-1

[Event "Aragon-chT Honor II"]
[Site "Spain"]
[Date "2011.02.19"]
[Round "3.24"]
[White "Colas Perez, Patricia"]
[Black "Matamoros Villarreal, Antonio"]
[Result "1/2-1/2"]
[WhiteElo "1815"]
[BlackElo "2021"]
[PlyCount "42"]
[EventDate "2011.02.05"]
[EventType "team-tourn"]
[EventRounds "7"]
[EventCountry "ESP"]
[SourceTitle "EXT 2013"]
[Source "ChessBase"]
[SourceDate "2012.11.22"]
[SourceVersion "1"]
[SourceVersionDate "2012.11.22"]
[SourceQuality "1"]
[WhiteTeam "IberCaja II"]
[BlackTeam "Shatranj"]
[WhiteTeamCountry "ESP"]
[BlackTeamCountry "ESP"]

1. c4 Nf6 2. Nc3 d6 3. g3 e5 4. Bg2 c6 5. e4 Be7 6. d3 0-0 7. Nf3 Nbd7 8. 0-0 a5 9. Rb1 Re8 10. a3 Qc7 11. h3 Rb8 12. b4 axb4 13. axb4 b5 14. cxb5 cxb5 15. Qb3 Nf8 16. Be3 Be6 17. Qb2 h6 18. Ra1 Rb7 19. Ra5 Qd7 20. Kh2 Bd8 21. Ra6 Bc7 1/2-1/2

[Event "Aragon-ch Primera"]
[Site "Spain"]
[Date "2009.??.??"]
[Round "2"]
[White "Colas Perez, Patricia"]
[Black "Moreno Antonio, Mario"]
[Result "0-1"]
[WhiteElo "1629"]
[BlackElo "1851"]
[PlyCount "94"]
[EventDate "2009.??.??"]
[EventType "swiss"]
[EventRounds "9"]
[EventCountry "ESP"]
[SourceTitle "EXT 2013"]
[Source "ChessBase"]
[SourceDate "2012.11.22"]
[SourceVersion "1"]
[SourceVersionDate "2012.11.22"]
[SourceQuality "1"]

1. c4 Nf6 2. Nc3 d5 3. cxd5 Nxd5 4. g3 Nxc3 5. bxc3 e5 6. Bg2 c6 7. Nf3 Qc7 8. d3 Be7 9. Qb3 Be6 10. c4 Nd7 11. Rb1 Rb8 12. 0-0 0-0 13. Bg5 Bc5 14. Qc3 h6 15. Be3 Bxe3 16. fxe3 Rfe8 17. Nd2 Bg4 18. Rf2 Nf6 19. Ne4 Nxe4 20. Bxe4 Qd7 21. Rbf1 Re7 22. Qa5 b6 23. Qb4 c5 24. Qb5 Qxb5 25. cxb5 Be6 26. a4 Rd8 27. Bc6 Bb3 28. Ra1 c4 29. dxc4 Bxc4 30. Rg2 Rd2 31. Kf1 Re6 32. Rc1 Bb3 33. Be4 Rd1+ 34. Rxd1 Bxd1 35. Rf2 Bxa4 36. Bd5 Re7 37. Bc4 Rc7 38. Bd3 Rc5 39. Kg2 Bxb5 40. Rf1 Bxd3 41. exd3 a5 42. Rb1 b5 43. Kf3 b4 44. Ke4 g6 45. g4 Rb5 46. d4 exd4 47. exd4 b3 0-1